[Event "Challenge"]
[Site "http://www.queenalice.com/game.php?id=60307"]
[Date "2006.3.29"]
[Round "-"]
[White "marcusquaresma"]
[Black "Romulo"]
[Result "1-0"]
[WhiteElo "1858"]
[BlackElo "1282"]

1. e4 e5 2. Nf3 Nc6 3. Bb5 Nf6 4. O-O Bc5 5. Nxe5 Nxe4 6. Qe2 Nxe5 7. Qxe4 Bd6
8. d4 Qf6 9. dxe5 Qxe5 10. Qxe5+ Bxe5 11. Re1 f6 12. f4 a6 13. Bc4 b5 14. Bb3 d6
15. fxe5 fxe5 16. Nc3 Bb7 17. Ne2 h6 18. Ng3 Rf8 19. Bd2 1-0

[Event "14 dias por lance!"]
[Site "http://www.queenalice.com/game.php?id=84141"]
[Date "2006.7.9"]
[Round "-"]
[White "Romulo"]
[Black "marcusquaresma"]
[Result "0-1"]
[WhiteElo "1282"]
[BlackElo "1904"]

1. e4 e5 2. Nf3 Nc6 3. Bb5 a6 4. Ba4 b5 5. Bb3 Nf6 6. d3 Be7 7. Bd5 Nxd5 8. exd5
Nb4 9. c4 bxc4 10. dxc4 e4 11. Ne5 Bf6 12. Bf4 Bxe5 13. Bxe5 Nd3+ 14. Ke2 Nxe5
15. Na3 O-O 16. Re1 Nd3 17. Rf1 Nf4+ 18. Ke3 Nxg2+ 19. Kxe4 Re8+ 0-1

[Event "Challenge"]
[Site "http://www.queenalice.com/game.php?id=99981"]
[Date "2006.8.27"]
[Round "-"]
[White "Romulo"]
[Black "xmas"]
[Result "1-0"]
[WhiteElo "1302"]
[BlackElo "1247"]

1. e4 Nc6 2. d4 d5 3. e5 e6 4. Bb5 a6 5. Bxc6+ bxc6 6. Nf3 f6 7. exf6 Qxf6 8.
Bg5 Qf5 9. Qd2 Qg4 10. O-O h6 11. Bh4 e5 12. Re1 e4 13. h3 Qh5 14. Qf4 Bd6 15.
Qe3 Nf6 16. Bg3 Bxg3 17. fxg3 O-O 18. Ne5 Bb7 19. g4 Qe8 20. Nc3 a5 21. Na4 c5
22. Nxc5 Qb5 23. b3 h5 24. gxh5 Nxh5 25. Qg5 Qe8 26. Nxb7 Nf6 27. Rf1 Nh7 28.
Qg3 Rb8 29. Nc5 Rb4 30. Rxf8+ Qxf8 31. Rf1 Qe7 32. Rf7 Qxf7 33. Nxf7 Kxf7 34.
Qxc7+ Kg6 35. Qxa5 Rxd4 36. Qc3 Rd1+ 37. Kf2 d4 38. Qg3+ Ng5 39. Nxe4 d3 40.
cxd3 Rd2+ 41. Nxd2 1-0

[Event "Challenge"]
[Site "http://www.queenalice.com/game.php?id=99982"]
[Date "2006.8.27"]
[Round "-"]
[White "xmas"]
[Black "Romulo"]
[Result "0-1"]
[WhiteElo "1307"]
[BlackElo "1282"]

1. e4 e5 2. Nf3 Nc6 3. d3 d6 4. Ng5 Be7 5. Qh5 g6 6. Qh4 h6 7. Nc3 f6 8. Ne6
Bxe6 9. Qg3 Nd4 10. Qxg6+ Bf7 11. Qg7 Nxc2+ 12. Kd2 Nxa1 13. Qxh8 Qd7 14. Nd5
O-O-O 15. Nxe7+ Nxe7 16. Qxh6 Bxa2 17. Qxf6 Nb3+ 18. Kd1 Nxc1 19. Kxc1 Bb3 20.
Kd2 Ng8 21. Qg6 Qc6 22. Ke3 Qc5+ 23. Kf3 Rf8+ 24. Kg3 Qxf2+ 25. Kh3 Nf6 26. Qf5+
Be6 27. Qxe6+ Kd8 28. Qa2 Rh8# 0-1

[Event "Revanche"]
[Site "http://www.queenalice.com/game.php?id=102721"]
[Date "2006.9.5"]
[Round "-"]
[White "Romulo"]
[Black "xmas"]
[Result "1-0"]
[WhiteElo "1346"]
[BlackElo "1499"]

1. e4 e5 2. Nf3 d6 3. Nc3 Nf6 4. d4 Nc6 5. Bb5 Bd7 6. Bg5 Be7 7. dxe5 dxe5 8.
Bxc6 Bxc6 9. Nxe5 Qxd1+ 10. Rxd1 O-O 11. Nxc6 bxc6 12. e5 Nd5 13. Bxe7 Nxe7 14.
O-O Rab8 15. Rd7 Nd5 16. Nxd5 cxd5 17. b3 Rbc8 18. Rxd5 c6 19. Rc5 f6 20. e6
Rfe8 21. Re1 a5 22. e7 Rc7 23. Kf1 Rcxe7 24. Rxe7 Rxe7 25. Rxc6 Kf8 26. a4 Ke8
27. Rc5 Kd7 28. Rxa5 Kc6 29. c4 Kb6 30. b4 Ra7 31. c5+ Kb7 32. Rxa7+ Kxa7 33. b5
Kb7 34. Ke2 Kc7 35. Ke3 Kd7 36. Ke4 Ke6 37. a5 f5+ 38. Kd4 g5 39. a6 Kd7 40. a7
Kc7 41. a8=Q Kd7 42. Qc6+ 1-0

[Event "EuDePretas"]
[Site "http://www.queenalice.com/game.php?id=102722"]
[Date "2006.9.5"]
[Round "-"]
[White "xmas"]
[Black "Romulo"]
[Result "0-1"]
[WhiteElo "1409"]
[BlackElo "1327"]

1. e4 e5 2. Nf3 Nc6 3. Bc4 Nf6 4. d3 h6 5. O-O Bc5 6. Nxe5 Nxe5 7. Bf4 Neg4 8.
Qf3 Nxf2 9. Rxf2 Bxf2+ 10. Qxf2 d5 11. exd5 Nxd5 12. Qg3 Nxf4 13. Qxf4 Be6 14.
Bxe6 fxe6 15. Qa4+ c6 16. Qe4 Qd5 17. Qg6+ Kf8 18. Nd2 Qd4+ 19. Kh1 Qxb2 20.
Rf1+ Kg8 21. Ne4 Rf8 22. Kg1 Rxf1+ 23. Kxf1 Kf8 24. Nd6 Qc1+ 25. Kf2 Qf4+ 26.
Ke2 Qxd6 27. g3 Qe5+ 28. Kd2 Ke7 29. c3 Rf8 30. d4 Rf2+ 31. Kd3 Qe2# 0-1

[Event "Quarta partida!"]
[Site "http://www.queenalice.com/game.php?id=117014"]
[Date "2006.10.14"]
[Round "-"]
[White "marcusquaresma"]
[Black "Romulo"]
[Result "1-0"]
[WhiteElo "1927"]
[BlackElo "1368"]

1. d4 d5 2. c4 e6 3. Nc3 Bb4 4. Nf3 f6 5. a3 Bxc3+ 6. bxc3 dxc4 7. e4 Ne7 8.
Bxc4 e5 9. Qb3 exd4 10. Bf7+ Kf8 11. cxd4 g6 12. Bh6# 1-0

[Event "Challenge"]
[Site "http://www.queenalice.com/game.php?id=123482"]
[Date "2006.10.30"]
[Round "-"]
[White "Romulo"]
[Black "backnine"]
[Result "1-0"]
[WhiteElo "1366"]
[BlackElo "1365"]

1. e4 e5 2. Nf3 Nc6 3. Nc3 a6 4. d3 Be7 5. Be3 d6 6. Nd5 Bg4 7. Be2 Bxf3 8. Bxf3
b5 9. Bg4 Nf6 10. O-O O-O 11. Nxf6+ Bxf6 12. c3 Na5 13. b4 Nc6 14. Rb1 d5 15.
exd5 Qxd5 16. Bf5 g6 17. Be4 Qe6 18. Qf3 Rad8 19. Bxc6 Rxd3 20. Rb3 e4 21. Bxe4
Rdd8 22. Bc5 Rfe8 23. Bc6 Rd2 24. Bxe8 Qxe8 25. Ra3 Rc2 26. Qxf6 Qa8 27. Bd4 Qf8
28. Qh8# 1-0

[Event "Challenge"]
[Site "http://www.queenalice.com/game.php?id=132865"]
[Date "2006.11.23"]
[Round "-"]
[White "Romulo"]
[Black "TomBishop"]
[Result "1-0"]
[WhiteElo "1402"]
[BlackElo "1596"]

1. e4 e5 2. Nf3 Nc6 3. Bb5 Nf6 4. a3 Nxe4 5. d3 Nd6 6. c4 Nxb5 7. cxb5 Nd4 8.
Nxe5 Nxb5 9. Qf3 Qe7 10. Qg3 Nd4 11. O-O Nc2 12. Ra2 d6 13. Nf3 Be6 14. b3 Bxb3
15. Rxc2 Bxc2 16. Re1 Bxb1 17. Rxe7+ Bxe7 18. Qxg7 Rf8 19. Bg5 Bxg5 20. Nxg5
Bxd3 21. Qd4 Bg6 22. Qg7 O-O-O 23. Nxh7 Bxh7 24. Qxh7 a5 25. g3 Kd7 26. Qf5+ Kc6
27. Qc2+ Kd7 28. Qa4+ Kc8 29. Qxa5 Kb8 30. a4 d5 31. Qb4 d4 32. a5 d3 33. a6 d2
34. Qxb7# 1-0

[Event "Challenge"]
[Site "http://www.queenalice.com/game.php?id=133396"]
[Date "2006.11.25"]
[Round "-"]
[White "Romulo"]
[Black "rafaelbdb"]
[Result "1-0"]
[WhiteElo "1384"]
[BlackElo "1441"]

1. e4 e5 2. Nf3 Nc6 3. Bb5 Nf6 4. d3 Be7 5. Bxc6 bxc6 6. a3 O-O 7. Nc3 d5 8.
Nxe5 dxe4 9. Nxc6 Qd7 10. Nxe7+ Qxe7 11. Bg5 exd3+ 12. Be3 Bg4 13. Qxd3 Rad8 14.
Qc4 Rfe8 15. O-O Ne4 16. Rae1 Nxc3 17. Qxc3 h6 18. Bxh6 1-0

[Event "Quinta partida!"]
[Site "http://www.queenalice.com/game.php?id=134373"]
[Date "2006.11.28"]
[Round "-"]
[White "Romulo"]
[Black "marcusquaresma"]
[Result "1-0"]
[WhiteElo "1488"]
[BlackElo "1978"]

1. e4 c6 2. d4 d5 3. e5 Bf5 4. Be3 e6 5. a3 Nd7 6. Nc3 Qc7 7. Bd3 Bxd3 8. Qxd3
c5 9. Nb5 Qb6 10. dxc5 Bxc5 11. Bxc5 Nxc5 12. Nd6+ Qxd6 13. exd6 Nxd3+ 14. cxd3
Rc8 15. Nf3 f6 16. O-O Kd7 17. Rac1 Nh6 18. Rc7+ Rxc7 19. dxc7 Nf5 20. Rc1 Rc8
21. g4 Nd6 22. Nd4 e5 23. Nf5 Nxf5 24. gxf5 Rxc7 25. Rxc7+ Kxc7 26. Kg2 a5 27.
Kg3 Kc6 28. f4 Kc5 29. h4 Kd4 30. h5 Kxd3 31. fxe5 fxe5 32. h6 gxh6 33. f6 e4
34. f7 e3 35. f8=Q d4 36. Qf3 Kd2 37. Qf4 Ke1 38. Qxd4 e2 39. b3 b5 40. Qa1+ Kd2
41. Kf2 1-0

[Event "Sua Revanche"]
[Site "http://www.queenalice.com/game.php?id=145567"]
[Date "2006.12.23"]
[Round "-"]
[White "backnine"]
[Black "Romulo"]
[Result "0-1"]
[WhiteElo "1490"]
[BlackElo "1436"]

1. e4 e5 2. d3 Nf6 3. Be2 Nc6 4. Bd2 Bc5 5. Nh3 d5 6. Nc3 Bxh3 7. gxh3 Qd7 8.
Bg4 Qd6 9. a3 dxe4 10. dxe4 Qd4 11. Be3 Qxd1+ 12. Nxd1 Bxe3 13. Nxe3 Nxe4 14. c3
Rd8 15. O-O O-O 16. Bf3 Nd2 17. Bxc6 Nxf1 18. Rxf1 bxc6 19. b4 Rd3 20. Nc4 Rxc3
21. Nxe5 Rxa3 22. Nxc6 Re8 23. h4 Ra6 24. b5 Rb6 25. Nxa7 Ra8 26. Nc6 Rxb5 27.
Ne7+ Kf8 28. Nc6 Ra6 29. Rc1 Ra4 30. Kg2 Rxh4 31. Rc3 f5 32. Rh3 Rxh3 33. Kxh3
g5 34. f3 h5 35. Kg2 f4 36. Kh3 Rb3 37. Nd4 Rd3 38. Ne6+ Kf7 39. Nxg5+ Kg6 40.
Kh4 Re3 41. Ne6 Rxe6 42. Kh3 Re2 43. Kh4 Rxh2# 0-1

[Event "VAmos jogar."]
[Site "http://www.queenalice.com/game.php?id=146849"]
[Date "2006.12.27"]
[Round "-"]
[White "Romulo"]
[Black "Pollyanna"]
[Result "1-0"]
[WhiteElo "1454"]
[BlackElo "1301"]

1. e4 e5 2. Nf3 Nc6 3. Bb5 Na5 4. b4 Nc4 5. Bxc4 a6 6. d3 b5 7. Bd5 c6 8. Bb3
Bb7 9. Nxe5 d6 10. Nxf7 Qd7 11. Nxh8 O-O-O 12. Bxg8 Be7 13. Bxh7 Bf6 14. Bf5 c5
15. Bxd7+ Rxd7 16. c3 g5 17. Ng6 Rg7 18. Qg4+ Kd8 19. Bxg5 Bxg5 20. Qxg5+ Kd7
21. Nf8+ Kc6 22. Qxg7 Kb6 23. Ne6 cxb4 24. Qc7+ Ka7 25. Nd8 bxc3 26. Qxb7# 1-0

[Event "Challenge"]
[Site "http://www.queenalice.com/game.php?id=164874"]
[Date "2007.2.7"]
[Round "-"]
[White "FENIX_40"]
[Black "Romulo"]
[Result "1-0"]
[WhiteElo "1381"]
[BlackElo "1493"]

1. e4 e5 2. Nf3 Nc6 3. Bc4 Nf6 4. d3 d5 5. exd5 Nxd5 6. Ng5 f6 7. Ne4 Bf5 8. Bd2
Bb4 9. c3 Be7 10. Bh6 gxh6 11. Bxd5 Qxd5 12. c4 Qd4 13. Qd2 Bxe4 14. dxe4 Bb4
15. Nc3 Bxc3 16. bxc3 Qxd2+ 17. Kxd2 O-O-O+ 18. Ke3 h5 19. c5 h4 20. Rhb1 Rhg8
21. f4 Rxg2 22. Rb3 Na5 23. Rb4 Rxh2 24. Kf3 Rd3+ 25. Kg4 Rg3+ 26. Kf5 Rg6 27.
Rab1 Rf2 28. Ke6 Rxf4 29. Kd5 c6+ 30. Kd6 Kd8 31. Rd1 Rg7 32. Ke6+ Ke8 33. Ra4
Re7+ 34. Kd6 Rd7+ 35. Ke6 Rxd1 36. Rxa5 a6 37. Ra4 1-0

[Event "Challenge"]
[Site "http://www.queenalice.com/game.php?id=187057"]
[Date "2007.3.24"]
[Round "-"]
[White "holandes"]
[Black "Romulo"]
[Result "0-1"]
[WhiteElo "1504"]
[BlackElo "1471"]

1. e4 e5 2. c3 Nf6 3. d3 Nc6 4. Nf3 d5 5. Nbd2 dxe4 6. dxe4 Bg4 7. Be2 Bc5 8. b4
Bb6 9. Qa4 O-O 10. b5 Nb8 11. Nxe5 Bxe2 12. Kxe2 Nbd7 13. Nec4 Nc5 14. Qb4 Qd3+
15. Ke1 Nfxe4 16. Ne5 Qxc3 17. Qxc3 Nxc3 18. Ba3 Rfe8 19. f4 Nd3+ 20. Kf1 Nxf4
21. Nef3 Re2 22. g3 Ng2 23. Bb2 Ne3+ 24. Kg1 Rg2# 0-1

[Event "Outra!!"]
[Site "http://www.queenalice.com/game.php?id=189335"]
[Date "2007.3.29"]
[Round "-"]
[White "Romulo"]
[Black "Pollyanna"]
[Result "0-1"]
[WhiteElo "1518"]
[BlackElo "1300"]

1. e4 e5 2. Nf3 d6 3. Nc3 c5 4. Nd5 f6 5. Bc4 b6 6. h3 Bd7 7. c3 Nc6 8. d4 cxd4
9. cxd4 exd4 10. Nxd4 Nxd4 0-1